[Event "GRE-ch U14"]
[Site "Thessaloniki"]
[Date "2022.08.21"]
[Round "5"]
[White "Sfyrakis, Antonis Efraim"]
[Black "Chalkias, Michail Panagiotis"]
[Result "0-1"]
[WhiteElo "1006"]
[BlackElo "1368"]
[PlyCount "78"]
[EventDate "2022.08.18"]
[EventType "swiss"]
[EventRounds "9"]
[EventCountry "GRE"]
[SourceTitle "EXT 2024"]
[Source "ChessBase"]
[SourceDate "2023.10.10"]
[SourceVersion "1"]
[SourceVersionDate "2023.10.10"]
[SourceQuality "1"]

1. e4 c5 2. Nf3 e6 3. Nc3 Nc6 4. d3 d5 5. exd5 exd5 6. Bf4 Nf6 7. Be2 Be7 8. 0-0 Qb6 9. b3 0-0 10. Bg5 Be6 11. h3 h6 12. Bc1 Rfd8 13. Rb1 a6 14. Ba3 Nd7 15. Qd2 Qc7 16. Bb2 Nd4 17. Rfe1 Rac8 18. Rbc1 Nxf3+ 19. Bxf3 Bg5 20. Qe2 Bxc1 21. Rxc1 Nf6 22. Re1 Re8 23. Qe5 Bxh3 24. Qxc7 Rxe1+ 25. Kh2 Rxc7 26. Kxh3 d4 27. Ne2 g5 28. Nc1 Ree7 29. Be2 Nd5 30. Kg3 f5 31. Kf3 Nf4 32. g3 Nxe2 33. Nxe2 g4+ 34. Kf4 Rxe2 35. Kxf5 Rxf2+ 36. Kxg4 Rxc2 37. Ba3 b5 38. b4 c4 39. dxc4 d3 0-1

[Event "GRE-ch U14"]
[Site "Thessaloniki"]
[Date "2022.08.20"]
[Round "4"]
[White "Tsiripov, Angelos"]
[Black "Sfyrakis, Antonis Efraim"]
[Result "1/2-1/2"]
[WhiteElo "1165"]
[BlackElo "1006"]
[PlyCount "90"]
[EventDate "2022.08.18"]
[EventType "swiss"]
[EventRounds "9"]
[EventCountry "GRE"]
[SourceTitle "EXT 2024"]
[Source "ChessBase"]
[SourceDate "2023.10.10"]
[SourceVersion "1"]
[SourceVersionDate "2023.10.10"]
[SourceQuality "1"]

1. e4 e5 2. Nf3 Nc6 3. Bc4 Be7 4. c3 Nf6 5. d3 0-0 6. 0-0 d6 7. h3 b6 8. b4 Bb7 9. a4 Qd7 10. Re1 h6 11. Nbd2 Rfe8 12. Qb3 Rf8 13. Nf1 Nd8 14. Ng3 Ne6 15. Bb2 Rad8 16. Nf5 Ra8 17. Nxe7+ Qxe7 18. Re2 Rfe8 19. Rae1 Qd7 20. d4 exd4 21. cxd4 Nf4 22. Re3 Ne6 23. d5 Nd8 24. Bxf6 gxf6 25. Nd4 Kh7 26. Bb5 c6 27. dxc6 Nxc6 28. Bxc6 Bxc6 29. Nxc6 Qxc6 30. Qxf7+ Kh8 31. Qxf6+ Kh7 32. Rg3 Rg8 33. Qf7+ Kh8 34. Rxg8+ Rxg8 35. Qxa7 Qc3 36. Rd1 Qxh3 37. g3 Rxg3+ 38. fxg3 Qxg3+ 39. Kf1 Qf3+ 40. Ke1 Qe3+ 41. Kf1 Qf3+ 42. Ke1 Qe3+ 43. Kf1 Qf3+ 44. Ke1 Qe3+ 45. Kf1 Qf3+ 1/2-1/2

[Event "GRE-ch U14"]
[Site "Thessaloniki"]
[Date "2022.08.18"]
[Round "1"]
[White "Sfyrakis, Antonis Efraim"]
[Black "Styfougias, Evangelos"]
[Result "0-1"]
[WhiteElo "1006"]
[BlackElo "1413"]
[PlyCount "68"]
[EventDate "2022.08.18"]
[EventType "swiss"]
[EventRounds "9"]
[EventCountry "GRE"]
[SourceTitle "EXT 2024"]
[Source "ChessBase"]
[SourceDate "2023.10.10"]
[SourceVersion "1"]
[SourceVersionDate "2023.10.10"]
[SourceQuality "1"]

1. e4 c5 2. Nf3 d6 3. Nc3 g6 4. Be2 Bg7 5. d3 Nc6 6. Be3 e5 7. Qd2 Nge7 8. 0-0 0-0 9. Bh6 Be6 10. Bxg7 Kxg7 11. h3 f5 12. Ng5 Bg8 13. Nf3 h6 14. a3 Be6 15. Nd1 f4 16. Nh2 h5 17. c3 Na5 18. Qc2 Nb3 19. Rb1 a5 20. Nf3 a4 21. Ng5 Bd7 22. h4 Nc6 23. Bf3 Qe7 24. g3 Nd8 25. Bg2 Ne6 26. Nf3 g5 27. hxg5 Nxg5 28. Nxg5 Qxg5 29. gxf4 exf4 30. Qe2 f3 31. Qxf3 Rxf3 32. Re1 Bh3 33. Ne3 Rxe3 34. Rxe3 Qxg2# 0-1

[Event "GRE-ch South U12"]
[Site "Athens"]
[Date "2020.09.01"]
[Round "7"]
[White "Sfyrakis, Antonis Efraim"]
[Black "Kavvadias, Dimitrios"]
[Result "1/2-1/2"]
[WhiteElo "1046"]
[BlackElo "1017"]
[PlyCount "129"]
[EventDate "2020.08.28"]
[EventType "swiss"]
[EventRounds "9"]
[EventCountry "GRE"]
[SourceTitle "EXT 2023"]
[Source "ChessBase"]
[SourceDate "2022.10.05"]
[SourceVersion "1"]
[SourceVersionDate "2022.10.05"]
[SourceQuality "1"]

1. e4 e5 2. Nf3 Nc6 3. Nc3 Nf6 4. d3 Bc5 5. Be2 0-0 6. 0-0 Re8 7. Bg5 Be7 8. Nh4 d6 9. h3 Nd7 10. Bxe7 Qxe7 11. Nf5 Qg5 12. Qc1 Qg6 13. Nd5 Rb8 14. Nxc7 Rd8 15. Nd5 Re8 16. b4 Nf6 17. Nxf6+ Qxf6 18. Bg4 Nxb4 19. Qb2 Nc6 20. Qa3 Bxf5 21. Bxf5 a6 22. Bd7 Nd4 23. Qa4 Re7 24. c3 Ne2+ 25. Kh1 Nxc3 26. Qb3 Rxd7 27. Qxc3 Rdd8 28. Rab1 Rdc8 29. Rxb7 Qd8 30. Rxb8 Rxb8 31. Rc1 h6 32. Qc6 Qb6 33. Qxb6 Rxb6 34. Rc8+ Kh7 35. Ra8 Rc6 36. Kh2 Kg6 37. Kg3 Kg5 38. h4+ Kg6 39. f4 f6 40. Ra7 Rb6 41. f5+ Kh7 42. h5 Rc6 43. Kf3 Rb6 44. g4 Rc6 45. Ke3 Rb6 46. a4 Rc6 47. Kd2 Kg8 48. Ra8+ Kf7 49. Ra7+ Kf8 50. a5 Kg8 51. Rb7 Rc5 52. Rb6 Rxa5 53. Rxd6 Ra2+ 54. Ke3 a5 55. Kf3 Rd2 56. Ke3 Ra2 57. Ra6 a4 58. Ra8+ Kh7 59. Ra7 a3 60. Kf3 Ra1 61. Kg2 a2 62. Ra8 Rd1 63. Rxa2 Rxd3 64. Kf2 Rc3 65. Rd2 1/2-1/2

[Event "GRE-ch South U12"]
[Site "Athens"]
[Date "2020.08.31"]
[Round "5"]
[White "Sfyrakis, Antonis Efraim"]
[Black "Aretoulakis, Sotirios Paris"]
[Result "0-1"]
[WhiteElo "1046"]
[BlackElo "1157"]
[PlyCount "72"]
[EventDate "2020.08.28"]
[EventType "swiss"]
[EventRounds "9"]
[EventCountry "GRE"]
[SourceTitle "EXT 2023"]
[Source "ChessBase"]
[SourceDate "2022.10.05"]
[SourceVersion "1"]
[SourceVersionDate "2022.10.05"]
[SourceQuality "1"]

1. e4 e5 2. Nf3 Nc6 3. Nc3 Nf6 4. d3 Bb4 5. Bd2 d6 6. a3 Bxc3 7. Bxc3 Qe7 8. Be2 0-0 9. 0-0 Bd7 10. Qd2 Rfe8 11. Rfe1 Nd8 12. Ng5 h6 13. Nh3 Bxh3 14. gxh3 Ne6 15. Qe3 Nf4 16. Kh1 Qe6 17. Bf1 Re7 18. Bd2 Rae8 19. Qg3 N6h5 20. Qf3 Rd8 21. Be2 d5 22. Bxf4 Nxf4 23. exd5 Qxd5 24. Qxd5 Rxd5 25. Bg4 Rd4 26. Re3 e4 27. f3 h5 28. Bf5 g6 29. Rxe4 Rdxe4 30. Bxe4 c6 31. Rg1 Kf8 32. d4 f5 33. Bd3 Nxh3 34. Rxg6 Re1+ 35. Kg2 Rg1+ 36. Kxh3 Rxg6 0-1